000
00298nam a22001337a 4500
082
_a
576
_b
POW/GE
100
_a
Powar C.B
245
_a
General Microbiology, Vol.2
250
_a
2
260
_a
Mumbai
_b
Himalaya Publishing house
_c
2008
300
_a
695
700
_a
Daginawala, H.F
942
_c
BK
999
_c
13629
_d
13629